London Boroughs - Sudden Death - Statistics

General Stats
  • This quiz has been taken 474 times
  • The average score is 11 of 20
Answers on the Grid
Answers color-coded by a green-red scale on the quiz's grid according to % correct below.
Barnet
Battersea
Berkshire
Brent
Bromley
Brunel
Buckingham
Camden
Coventry
Croydon
Ealing
Essex
Greenwich
Hackney
Hammersmith and Fulham
Hampton
Harrow
Hounslow
Jubilee
Kensington and Chelsea
Kingston upon Thames
Lambeth
Lewisham
Luton
Maidenhead
Middlesex
Norfolk
Oxford
Piccadilly
Richmond upon Thames
Rochdale
Salford
Southwark
St. Paul's
Surrey
Tower Hamlets
Trafalgar
Victoria
Walford
Walsall
Wandsworth
Westminster
Wigan
Windsor
Yorkshire
 
Answer Stats
Answer % Correct
Barnet
75%
Camden
67%
Croydon
64%
Greenwich
64%
Kensington and Chelsea
63%
Hackney
60%
Brent
59%
Lambeth
59%
Bromley
58%
Westminster
56%
Ealing
55%
Hammersmith and Fulham
55%
Lewisham
54%
Tower Hamlets
53%
Kingston upon Thames
52%
Harrow
51%
Southwark
51%
Hounslow
50%
Richmond upon Thames
50%
Wandsworth
46%
No matching quizzes found
Score Distribution
Percent of People with Each Score
Percentile by Number Answered
Your Score History
You have not taken this quiz